005580000a22001810004500003001100000005001700011008004100028020001500069040003900084041000800123082001600131100002300147245004500170260006300215300001700278490004100295650004000336LK-CoMWRAF20231207094159.0230817t ||||| |||| 00| 0 eng d a955580057X aLK-CoMWRAFdLK-CoMWRAFeLK-CoMWRAF aeng a323.11bUYA aUyangoda, Jayadeva aQuestions of Sri Lanka's minority rights aColombo :b International Centre for Ethnic Studies,c2001 a142p. ; 22cm aMinority protection in South Asiav2 aHuman rights Minorities - Sri Lanka